A carregar...

Rural Wealth of nations

Detalhes bibliográficos
Autor principal: Eyre, S R
Formato: Printed Book
Idioma:Undetermined
English
Publicado em: New Delhi Oxford and IBH publishing 1978
Assuntos:
LEADER 00549nam a2200181Ia 4500
008 140306s9999 xx 000 0 und d
041 |a eng 
082 |a 330  |b EYR/RU 
100 |a Eyre, S R 
245 |a Rural Wealth of nations 
260 |a New Delhi  |b Oxford and IBH publishing  |c 1978 
300 |a 219 
650 |a Economics 
650 |a Finance 
650 |a Wealth 
942 |2 ddc  |c BK 
999 |c 119448  |d 119448 
952 |0 0  |1 0  |2 ddc  |4 0  |6 330_000000000000000_EYRRU  |7 0  |9 118577  |a KAUHCV  |b KAUHCV  |d 2004-05-05  |o 330 EYR/RU  |p KAU_HCV-9899  |r 2014-03-22  |w 2014-03-22  |y BK